| 000 | 04537 a2200361 4500 | ||
|---|---|---|---|
| 005 | 2009042403023.0 | ||
| 008 | 090424t xxu||||| |||| 00| 0 hind | ||
| 010 | _aB-285760-771 | ||
| 020 |
_a978818455399 _c450.00 |
||
| 035 | _aB-285760-771 | ||
| 037 | _bओमेगा पब्लिकेशन्स/ | ||
| 040 |
_adpl _bhn |
||
| 082 | _a305.4 | ||
| 100 | _aमीनाक्षी निशांत सिंह | ||
| 245 |
_aआधुनिकता और महिला उत्पीड़न / _cमीनाक्षी निशांत सिंह |
||
| 260 |
_aनई दिल्ली _bओमेगा पब्लिकेशन्स _c2008 |
||
| 270 |
_a4398/5, अंसारी रोड, दरियागंज _bनई दिल्ली _cदिल्ली _e110002 |
||
| 300 |
_a208पृ _c22 सेमी (सजिल्द) |
||
| 942 |
_adpl _cHN _k / मीनाक्षी _2ddc _h305.4 _mमीनाक्षी |
||
| 999 |
_c12492 _d12492 |
||